000 00961nas a2200301 4500
001 BR2014003223
003 BR-BrBNA
005 20231205124037.0
007 ta
008 230509b bl.|||p| |||| 00| 00por d
040 _aBR-BrBNA
_bpor
_cBiblioteca Nacional de Agricultura
041 _a(En)
072 _aM12
100 1 _aCarani, F.R.
100 1 _aDuran, B.O. da S.
100 1 _aPaula, T.G. de
100 1 _aPiedade, W.P.
100 1 _aDal-Pai-Silva, M.
245 1 _aMorphology and expression of genes related to skeletal muscle growth in juveniles of pirarucu (Arapaima gigas, Arapaimatidae, Teleostei)
650 _aPIRARUCU
650 _aPEIXE DE ÁGUA DOCE
650 _aCRESCIMENTO
650 _aMÚSCULO
650 _aPISCICULTURA
773 0 _tActa Scientiarum. Animal Sciences (Brazil)
_xISSN 1806-2636
_g(Jul-Sep 2013), V. 35(3) p. 219-226
_wBR2014003223
909 _a202311
_bLúcia
_c55
_dLúcia Elande
942 _2AGRIS
_n0
_cANA
999 _c237026
_d237026